|
|
|
|
| LEADER |
00000nam a22000007a 4500 |
| 005 |
20120223130130.0 |
| 007 |
cr|||| |||| |
| 008 |
120223d19972009sp |||| s||||i0|||a1eng d |
| 035 |
|
|
|a 1691
|
| 040 |
|
|
|a vLex
|
| 090 |
|
|
|c 3029
|d 3029
|
| 245 |
0 |
0 |
|a Court of First Instance of the European Communities
|h [Recurs electrṇic]
|
| 256 |
|
|
|a Servei en linia
|
| 260 |
|
|
|a Barcelona :
|b vLex
|
| 300 |
|
|
|a 1 recurs electrṇic
|
| 500 |
|
|
|a Aquesta font cont ̌les sentn̈cies dictades per Court of First Instance of the European Communities fins el 30/11/2009. Les sentn̈cies posteriors a aquesta data es troben sota l'encapȧlament General Court of the European Union.
|
| 506 |
1 |
|
|a Contingut disponible en els productes indicats
|d vLex Global
|d vLex Global (Academic Edition, excluding Law Schools)
|d vLex Global (U.S. Academic Edition, Law Schools)
|d vLex Global (U.S. Academic Edition, excluding Law Schools)
|d vLex Global (Academic Edition, Law Schools)
|
| 610 |
2 |
|
|a Court of First Instance of the European Communities
|
| 650 |
0 |
4 |
|a Court of First Instance of the European Communities
|x Jurisprudn̈cia
|
| 650 |
0 |
4 |
|a Sentn̈cies
|
| 740 |
0 |
|
|a vLex Jurisprudn̈cia (Servei en linia)
|
| 785 |
|
0 |
|a General Court of the European Union
|w 6018
|
| 856 |
4 |
0 |
|u http://vlex.com/source/court-first-instance-european-communities-1691
|z Acceso restringido
|
| 942 |
|
|
|c TR
|
| 999 |
0 |
|
|a Jurisprudence
|b European Union countries
|